000 00701nam a22001817a 4500
003 UA-OsUOA
001 18889
007 ta
008 20040616b un ||||| |||| 00| 0 ukr d
100 _aВітчук М.
942 _cSA
040 _aUA-OsUOA
_cUA-OsUOA
_dUA-OsUOA
245 _aГородецький автограф: Літуратурознавчі уроки
_b[У Городецькому ліцеї Володимирец. р-ну відбулося свято письменства "Городецький автограф"]
300 _aС.7
955 _a0
773 0 _w0
_tВОЛИНЬ
_dРівне
_d2004
_g№23/10 черв./
650 7 _aКраєзнавча робота
_2UDC
999 _c305060
_d305060